000
00214 a2200097 4500
001
17761
100
_a
Pisiwnov
245
_a
Differential and integral calcu
260
_a
_b
Mir Publisher
_c
090
_c
13129
_d
13129
942
_a
NUST-CAE
_c
M
_c
3480
999
_c
252834
_d
252834